000 00746nam a2200241Ia 4500
003 OSt
005 20221005120917.0
006 a|||||r|||| 00| 0
007 ta
008 221004b |||||||| |||| 00| 0 eng d
024 _a64648
037 _cTextual
040 _aCRL
_cCRL
_beng
041 _2eng
_aeng
082 _aV1Nt4315:N54, J7
110 _aInternational Commission for Supervision and Control in Cambodia.
_9629797
245 0 _aFourth interim report. For the period April 1, 1955 to September 30 1955.
260 _c1957
650 _aHISTORY
700 _aInternational Commission for Supervision and Control in Cambodia.
_9629798
942 _hV1Nt4315:N54, J7
_cTEXL
_2cc
999 _c1039506
_d1039506